书目信息 |
| 题名: |
简明比较文学
|
|
| 作者: | 孙景尧 著 | |
| 分册: | ||
| 出版信息: | 北京 中国青年出版社 1988 |
|
| 页数: | 306页 | |
| 开本: | 19cm | |
| 丛书名: | ||
| 单 册: | ||
| 中图分类: | I0-03 | |
| 科图分类: | ||
| 主题词: | 文学理论--方法论 , 比较文学 | |
| 电子资源: | ||
| ISBN: | 7-5006-0217-0 | |
| 000 | 00559nam0 2200205 45 | |
| 001 | 0406151039 | |
| 005 | 20050324161218.6 | |
| 010 | @a7-5006-0217-0@dCNY3.00 | |
| 100 | @a20040615d1988 km y0chiy0120 ea | |
| 101 | 0 | @achi |
| 105 | @a z 000yy | |
| 200 | 1 | @a简明比较文学@AJian Ming Bi Jiao Wen Xue@f孙景尧著@FSun Jing Yao Zhu |
| 210 | @a北京@c中国青年出版社@d1988 | |
| 215 | @a306页@d19cm | |
| 606 | 0 | @a文学理论@x方法论 |
| 606 | 0 | @a比较文学 |
| 690 | @aI0-03@v3 | |
| 701 | 0 | @a孙景尧@4著 |
| 801 | @aCN@bTSTCL@c20040615 | |
| 905 | @dI0-03@e160@f1@b240666 | |
| 简明比较文学/孙景尧著.-北京:中国青年出版社,1988 |
| 306页;19cm |
| ISBN 7-5006-0217-0:CNY3.00 |
| ● |
| 相关链接 |
|
|
|
|
正题名:简明比较文学
索取号:I0-03/160
 
预约/预借
| 序号 | 登录号 | 条形码 | 馆藏地/架位号 | 状态 | 备注 |
| 1 | 0240666 | 002020645 | 第二借阅区/ [索取号:I0-03/160] | 在馆 | |
| 2 | 0240667 | 000902713 | 第二借阅区/ [索取号:I0-03/160] | 在馆 | |
| 3 | 0240668 | 000902722 | 第一样本阅览室/ [索取号:I0-03/160] | 在馆 |